000 00661nam a2200193Ii 4500
003 JO-AjNU
008 230605s9999||||xx |||||||||||||| ||und||
017 _a2020/2/733
040 _aJO-AjNU
_bara
_erda
_cJO-AjNU
041 _aara
050 1 4 _aJF1521.J65.2022
100 3 _aديوان الخدمة المدنية,
_eauthor
_963469
245 0 0 _aالمملكة الاردنية الهاشمية نظام الخدمة المدنية رقم(9) لسنة(2020) وتعديلاته حتى تاريخ 5/1/2022
250 _aط1
300 _a150ص
336 _atext
_btxt
_2rdacontent
337 _aunmediated
_bn
_2rdamedia
338 _avolume
_bnc
_2rdacarrier
999 _aA28792
_c32360
_d32360